Thuật ngữ kỹ thuật đóng tàu và đăng kiểm Anh - Việt
Saved in:
| Main Author: | |
|---|---|
| Format: | Book |
| Language: | Undetermined |
| Published: |
H.
GTVT
2002
|
| Subjects: | |
| Tags: |
Add Tag
No Tags, Be the first to tag this record!
|
| Institutions: | Trung tâm Học liệu Trường Đại học Cần Thơ |
|---|
| LEADER | 00556nam a2200181Ia 4500 | ||
|---|---|---|---|
| 001 | CTU_58249 | ||
| 008 | 210402s9999 xx 000 0 und d | ||
| 082 | |a 623.803 | ||
| 082 | |b Đ116 | ||
| 100 | |a Đăng Kiểm Việt Nam | ||
| 245 | 0 | |a Thuật ngữ kỹ thuật đóng tàu và đăng kiểm Anh - Việt | |
| 260 | |a H. | ||
| 260 | |b GTVT | ||
| 260 | |c 2002 | ||
| 650 | |a naval architecture,ships | ||
| 650 | |x designs and plans,equipment and supplies | ||
| 904 | |i Minh | ||
| 980 | |a Trung tâm Học liệu Trường Đại học Cần Thơ | ||